00477 2200193 4500001002100000005001500021035002000036245004500056100002200101250000600123856004500129260004100174082000800215084001400223600001000237990001200247990001200259990001200271INLIS00000000000172820250505102931 a0010-05250000201 aMisteri Rotan Sakti /cDandang A. Dahlan0 aDandang A. Dahlan a1 aRuang Baca Umum No Klas 800 ( Rak 3,4,5) aYogyakarta :bMita Gama Widya,c1998 a813 a813 DAN m 4aFiksi a00.0189 a00.0190 a00.0191